[Event "Superstars Hotel Bali"]
[Site "Benidorm ESP"]
[Date "2002.11.29"]
[Round "1"]
[White "Karjakin,Sergey"]
[Black "Shirov,A"]
[Result "1-0"]
[WhiteElo "2527"]
[BlackElo "2699"]
[EventDate "2002.11.29"]

1. e4 c5 2. Nf3 Nc6 3. d4 cxd4 4. Nxd4 e5 5. Nb5 d6 6. N1c3 a6 7. Na3 b5 8.
Nd5 Nce7 9. c4 Nxd5 10. exd5 bxc4 11. Nxc4 Nf6 12. Be3 Rb8 13. Be2 Be7 14.
a4 O-O 15. O-O Bb7 16. Nb6 Nd7 17. a5 f5 18. f3 Nxb6 19. Bxb6 Qd7 20. b4
Bd8 21. Be3 Bf6 22. Rb1 Rbc8 23. b5 axb5 24. Rxb5 e4 25. fxe4 Rfe8 26. Rb4
Bc3 27. Bb5 Qd8 28. Bxe8 Bxb4 29. Bc6 Ba6 30. Rxf5 Bxa5 31. h3 Rb8 32. Kh2
g6 33. Bg5 Qc7 34. Rf3 Rb4 35. Bh6 Rb8 36. Qa1 Be2 37. Rf2 Bd3 38. Qf6 1-0

[Event "Superstars Hotel Bali"]
[Site "Benidorm ESP"]
[Date "2002.11.29"]
[Round "1"]
[White "Paunovic,D"]
[Black "Psakhis,L"]
[Result "1/2-1/2"]
[WhiteElo "2532"]
[BlackElo "2588"]
[EventDate "2002.11.29"]

1. d4 Nf6 2. Nf3 c5 3. d5 b5 4. c4 b4 5. g3 a5 6. a4 d6 7. Bg2 g6 8. b3 Bg7
9. Bb2 O-O 10. O-O e5 11. Nbd2 e4 12. Ne1 e3 13. fxe3 Ng4 14. Bxg7 Kxg7 15.
Nc2 Qe7 16. e4 Nd7 17. e3 Nde5 18. Qe2 Bd7 19. Rae1 Rae8 20. h3 Nf6 21. Kh2
h5 22. Rf4 Ng8 23. Ref1 Nh6 24. Ne1 f6 25. Nd3 g5 26. R4f2 Ng6 27. Kg1 h4
28. g4 Ne5 29. Nxe5 Qxe5 30. Qd3 Qc3 31. Qxc3 bxc3 32. Nb1 Rb8 33. Nxc3 Rb5
34. Nxb5 Bxb5 35. axb5 1/2-1/2

[Event "Superstars Hotel Bali"]
[Site "Benidorm ESP"]
[Date "2002.11.29"]
[Round "2"]
[White "Granero Roca,A"]
[Black "Amura,C"]
[Result "1-0"]
[WhiteElo "2342"]
[BlackElo "2360"]
[EventDate "2002.11.29"]

1. d4 d5 2. c4 Nc6 3. Nf3 Bg4 4. Bf4 Bxf3 5. gxf3 Nf6 6. Nc3 e6 7. e3 Bd6
8. Bg3 Ne7 9. Qb3 Bxg3 10. hxg3 Qc8 11. Rc1 c6 12. Qb4 Qd7 13. Bd3 Nc8 14.
g4 g6 15. Ke2 Nd6 16. Rh2 h5 17. cxd5 exd5 18. Na4 Qe7 19. Nc5 O-O-O 20. g5
Nfe8 21. f4 Ng7 22. Rc3 Rhe8 23. Ra3 Kb8 24. Qa4 Nc8 25. Rb3 Nb6 26. Qb4
Ne6 27. Nxe6 Qxe6 28. Rh4 Rd7 29. a4 Nc4 30. Bxc4 dxc4 31. Rc3 Rxd4 32. f5
Qd5 33. Rxd4 Qxd4 34. Rxc4 Qd7 35. fxg6 fxg6 36. Rd4 Qf5 37. Qd6+ Kc8 38.
a5 a6 39. Rf4 Qxg5 40. Rf7 Qg4+ 41. Kd2 1-0

[Event "Superstars Hotel Bali"]
[Site "Benidorm ESP"]
[Date "2002.11.29"]
[Round "2"]
[White "Psakhis,L"]
[Black "Vera,R"]
[Result "1/2-1/2"]
[WhiteElo "2588"]
[BlackElo "2544"]
[EventDate "2002.11.29"]

1. c4 Nf6 2. g3 c6 3. Bg2 d5 4. Qa4 e6 5. Nf3 dxc4 6. Qxc4 b5 7. Qc2 Bb7 8.
d4 Nbd7 9. Bg5 c5 10. O-O Rc8 11. dxc5 Bxc5 12. Qd3 Qb6 13. Nc3 Ba6 14.
Bxf6 Nxf6 15. Ne4 Nxe4 16. Qxe4 Bb7 17. Qd3 Bxf3 18. Qxf3 O-O 19. e3 Be7
20. Rac1 Bf6 21. Qe2 1/2-1/2

[Event "Superstars Hotel Bali"]
[Site "Benidorm ESP"]
[Date "2002.11.29"]
[Round "2"]
[White "Kurajica,B"]
[Black "Paunovic,D"]
[Result "1/2-1/2"]
[WhiteElo "2548"]
[BlackElo "2532"]
[EventDate "2002.11.29"]

1. Nf3 Nf6 2. d4 g6 3. g3 Bg7 4. Bg2 O-O 5. O-O d6 6. Re1 c6 7. e4 Bg4 8.
Nbd2 e5 9. dxe5 dxe5 10. h3 Bxf3 11. Qxf3 Nbd7 12. a4 Re8 13. b3 Nc5 14.
Nc4 Ne6 15. Ba3 Nd4 16. Qd1 Nh5 17. c3 Ne6 18. Qxd8 Rexd8 19. Rad1 Bf8 20.
Bxf8 Kxf8 21. Nxe5 Nc5 22. Rb1 Nd3 23. Nxd3 Rxd3 24. Rbc1 a5 25. Red1 Rad8
26. Rxd3 Rxd3 27. b4 Nf6 28. bxa5 Nd7 29. Rb1 Nc5 30. a6 bxa6 31. Rb6 a5
32. Rxc6 Rxc3 33. Rc8+ Kg7 34. Ra8 Nxa4 35. Rxa5 Rc1+ 36. Kh2 Nc5 37. Ra2
g5 38. f4 h6 39. Rd2 gxf4 40. gxf4 Ne6 41. Rf2 f6 42. h4 Re1 1/2-1/2

[Event "Superstars Hotel Bali"]
[Site "Benidorm ESP"]
[Date "2002.11.29"]
[Round "2"]
[White "Shirov,A"]
[Black "Karpov,An"]
[Result "1-0"]
[WhiteElo "2699"]
[BlackElo "2688"]
[EventDate "2002.11.29"]

1. e4 e5 2. Nf3 Nf6 3. Nxe5 d6 4. Nf3 Nxe4 5. Nc3 Nxc3 6. dxc3 Be7 7. Bf4
O-O 8. Qd2 Nd7 9. O-O-O Nc5 10. Be3 Be6 11. Kb1 Qc8 12. Nd4 Bd7 13. h4 Re8
14. f3 Bf8 15. g4 Ne6 16. h5 Nxd4 17. cxd4 Bc6 18. Rh3 Bd5 19. c4 Bc6 20.
d5 Bd7 21. Bd3 c5 22. Bf4 b5 23. cxb5 Qb7 24. Qc2 h6 25. Rg3 Bxb5 26. g5
Bxd3 27. Qxd3 Rab8 28. Rg2 hxg5 29. Bxg5 Qb5 30. Qc2 Kh8 31. Rdg1 Re5 32.
h6 Rxg5 33. Rxg5 g6 34. f4 Bxh6 35. Rh1 Kg7 36. Qc3+ f6 37. Rg4 Qb4 38.
Qxb4 cxb4 39. Rgh4 Rh8 40. Kc2 g5 41. fxg5 Rc8+ 42. Kb3 Bxg5 43. Rh7+ Kg6
44. Rxa7 1-0

[Event "Superstars Hotel Bali"]
[Site "Benidorm ESP"]
[Date "2002.11.29"]
[Round "2"]
[White "Ponomariov,R"]
[Black "Karjakin,Sergey"]
[Result "1/2-1/2"]
[WhiteElo "2743"]
[BlackElo "2527"]
[EventDate "2002.11.29"]

1. e4 c5 2. Nf3 d6 3. d4 cxd4 4. Nxd4 Nf6 5. Nc3 a6 6. Be3 e5 7. Nb3 Be6 8.
f3 Be7 9. Qd2 h5 10. Be2 Nbd7 11. Nd5 Nxd5 12. exd5 Bf5 13. O-O O-O 14. c4
Qc7 15. f4 exf4 16. Bxf4 Bg6 17. Rac1 Qb6+ 18. Be3 Bg5 19. Bxb6 Bxd2 20.
Nxd2 Nxb6 21. Bf3 Nd7 22. Be4 Ne5 23. Bxg6 Nxg6 24. Ne4 Rad8 25. Ng3 h4 26.
Nf5 h3 27. gxh3 Ne5 28. Rc3 g6 29. Nh6+ Kg7 30. Ng4 Rfe8 31. Nf6 Rh8 32.
Rb3 Rc8 33. Rxb7 Rxc4 34. Ng4 Nxg4 35. Rfxf7+ Kh6 36. hxg4 Rxg4+ 37. Kf2
Kg5 38. Rh7 Rf4+ 39. Ke3 Rhf8 40. Rh3 Re8+ 41. Kd3 Re5 42. Rg3+ Kf6 1/2-1/2

[Event "Superstars Hotel Bali"]
[Site "Benidorm ESP"]
[Date "2002.11.29"]
[Round "3"]
[White "Karjakin,Sergey"]
[Black "Granero Roca,A"]
[Result "1/2-1/2"]
[WhiteElo "2527"]
[BlackElo "2342"]
[EventDate "2002.11.29"]

1. e4 c5 2. Nf3 Nc6 3. d4 cxd4 4. Nxd4 g6 5. Nc3 Bg7 6. Be3 Nf6 7. Bc4 O-O
8. Bb3 a5 9. f3 d5 10. Bxd5 Nxd5 11. Nxd5 f5 12. Nxc6 bxc6 13. Nb6 Rb8 14.
Qxd8 Rxd8 15. Rd1 Rxd1+ 16. Kxd1 fxe4 17. Nxc8 Rxc8 18. b3 exf3 19. gxf3 a4
20. Ke2 axb3 21. cxb3 Kf7 22. Rc1 Ke6 23. Rc4 Be5 24. h3 Kd7 25. Kd3 Bd6
26. a4 Rb8 27. Kc2 Rf8 28. f4 Kc7 1/2-1/2

[Event "Superstars Hotel Bali"]
[Site "Benidorm ESP"]
[Date "2002.11.29"]
[Round "3"]
[White "Karpov,An"]
[Black "Ponomariov,R"]
[Result "1/2-1/2"]
[WhiteElo "2688"]
[BlackElo "2743"]
[EventDate "2002.11.29"]

1. d4 d5 2. c4 dxc4 3. Nf3 Nf6 4. e3 e6 5. Bxc4 c5 6. O-O a6 7. dxc5 Bxc5
8. Qxd8+ Kxd8 9. Nbd2 Ke7 10. b3 Nbd7 11. Bb2 b6 12. Be2 Bb7 13. Rfd1 Rhd8
14. Ne1 Kf8 15. Rac1 Rac8 16. Nd3 Be7 17. Nc4 b5 18. Na5 Ba8 19. a3 Nc5 20.
Nxc5 Rxd1+ 21. Bxd1 Rxc5 22. b4 Rxc1 23. Bxc1 Ne4 24. Bb2 Bd8 25. f3 Nd6
26. Bd4 Bxa5 27. bxa5 Nc4 28. e4 Nxa5 29. a4 Bc6 30. Bc3 Nc4 31. axb5 Bxb5
32. Bb3 f6 33. Kf2 Ke7 34. Bxc4 Bxc4 35. Ke3 Kd7 36. f4 h5 37. Kd4 Bf1 38.
g3 1/2-1/2

[Event "Superstars Hotel Bali"]
[Site "Benidorm ESP"]
[Date "2002.11.29"]
[Round "3"]
[White "Polgar,Ju"]
[Black "Shirov,A"]
[Result "1/2-1/2"]
[WhiteElo "2685"]
[BlackElo "2699"]
[EventDate "2002.11.29"]

1. c4 e5 2. g3 g6 3. Bg2 Bg7 4. Nc3 Nf6 5. Nf3 d6 6. O-O O-O 7. d4 Nbd7 8.
Qc2 Re8 9. Rd1 exd4 10. Nxd4 a5 11. e4 Nc5 12. f3 c6 13. Be3 Qe7 14. Bf2
Nfd7 15. b3 Ne5 16. h3 Ned7 17. Rd2 Bh6 18. Re2 f6 19. f4 Nf8 20. Rd1 Bd7
21. Ree1 Rad8 22. a3 Bc8 23. b4 axb4 24. axb4 Nce6 25. Nde2 Qc7 26. Qb3 Kh8
27. Rc1 Qf7 28. Na4 Nc7 29. Nb6 Qg8 30. Nxc8 Rxc8 31. Qc2 Nd7 32. Red1 Bf8
33. Bd4 Ra8 34. h4 Qf7 35. Bh3 Ne6 36. Bb2 Nb6 37. Nd4 Nc7 38. Nf3 Kg8 39.
e5 dxe5 40. fxe5 Ra2 41. Qb3 Rxb2 42. Qxb2 Nxc4 43. e6 Nxb2 44. exf7+ Kxf7
45. Rd7+ Re7 46. Rc2 Rxd7 47. Bxd7 Nd3 48. Bc8 Nxb4 49. Rb2 b5 50. Kg2 c5
51. Rd2 Nbd5 52. Bb7 Ke6 53. Re2+ Kd7 54. Nd2 c4 55. Ne4 Be7 56. Rd2 Ke6
57. Re2 Kf7 58. Rd2 Ke6 59. Re2 Kf7 60. Rd2 Nb6 61. Nd6+ Ke6 62. Nxb5 Nxb5
63. Rb2 Bc5 1/2-1/2

[Event "Superstars Hotel Bali"]
[Site "Benidorm ESP"]
[Date "2002.11.29"]
[Round "3"]
[White "Paunovic,D"]
[Black "San Segundo Carrillo,P"]
[Result "1/2-1/2"]
[WhiteElo "2532"]
[BlackElo "2523"]
[EventDate "2002.11.29"]

1. e4 c5 2. Nf3 Nc6 3. d4 cxd4 4. Nxd4 e5 5. Nb5 d6 6. c4 Be7 7. Bd3 a6 8.
N5c3 Bg5 9. Nd5 Bxc1 10. Qxc1 Nf6 11. Nbc3 O-O 12. O-O Be6 13. f4 exf4 14.
Qxf4 Bxd5 15. Nxd5 Nxd5 16. exd5 Ne5 17. Rad1 Qb6+ 18. Qf2 Qxf2+ 19. Rxf2
b5 20. cxb5 axb5 21. Bxb5 Rxa2 22. b4 Rxf2 23. Kxf2 Rb8 24. Ra1 h5 25. Be2
Rxb4 26. Ra6 Rf4+ 27. Kg3 g5 28. Bxh5 Nc4 29. Ra4 Kg7 30. Be2 Ne3 31. Rxf4
gxf4+ 32. Kxf4 Nxg2+ 33. Kg5 Ne3 34. Bf3 Nc4 35. h4 Ne5 36. Be2 Ng6 37. h5
Ne7 38. h6+ Kh8 39. Bf3 Ng8 40. Bg2 Kh7 41. Be4+ Kh8 42. h7 1/2-1/2

[Event "Superstars Hotel Bali"]
[Site "Benidorm ESP"]
[Date "2002.11.29"]
[Round "3"]
[White "Vera,R"]
[Black "Kurajica,B"]
[Result "0-1"]
[WhiteElo "2544"]
[BlackElo "2548"]
[EventDate "2002.11.29"]

1. d4 Nf6 2. c4 e6 3. Nc3 Bb4 4. Qc2 d6 5. e3 O-O 6. Bd3 e5 7. Nge2 c6 8.
O-O Re8 9. a3 Ba5 10. b4 Bc7 11. Bb2 Nbd7 12. Rad1 Qe7 13. Ng3 Nf8 14. Bf5
exd4 15. Rxd4 Be6 16. Bxe6 fxe6 17. Rfd1 d5 18. Qb3 Be5 19. R4d2 Ng4 20.
Nce2 Ng6 21. h3 Nf6 22. Bd4 Qf7 23. b5 h5 24. bxc6 bxc6 25. cxd5 cxd5 26.
f3 Bxd4 27. exd4 h4 28. Nf1 Rab8 29. Qa4 Rec8 30. Rc2 Nh5 31. Ne3 Ngf4 32.
Ng4 Rc4 33. Rxc4 Nxe2+ 34. Kf2 dxc4 35. Kxe2 c3 36. Kf1 Qf5 37. Ne3 Qf4 38.
Re1 Ng3+ 39. Kg1 Qxe3+ 40. Rxe3 Rb1+ 41. Re1 Rxe1+ 42. Kf2 Re2+ 43. Kg1 c2
0-1

[Event "Superstars Hotel Bali"]
[Site "Benidorm ESP"]
[Date "2002.11.29"]
[Round "4"]
[White "Granero Roca,A"]
[Black "Psakhis,L"]
[Result "0-1"]
[WhiteElo "2342"]
[BlackElo "2588"]
[EventDate "2002.11.29"]

1. Nf3 d6 2. c4 e5 3. d3 f5 4. g3 Nf6 5. Bg2 g6 6. Nc3 Bg7 7. O-O O-O 8.
Rb1 h6 9. c5 Nc6 10. cxd6 cxd6 11. b4 Be6 12. b5 Ne7 13. Qa4 g5 14. Ba3 Qd7
15. Qb4 Rad8 16. Nd2 b6 17. Rbc1 Rf7 18. Rc2 Ne8 19. Nf3 g4 20. Nh4 Bf6 21.
f3 Rg7 22. f4 Bxh4 23. gxh4 Ng6 24. Nd5 Nxh4 25. Rc7 Nxc7 26. Nf6+ Kh8 27.
Nxd7 Nxg2 28. Qxd6 Rdxd7 29. Qf8+ Kh7 30. Kxg2 Nd5 31. Rc1 Rg8 0-1

[Event "Superstars Hotel Bali"]
[Site "Benidorm ESP"]
[Date "2002.11.29"]
[Round "4"]
[White "San Segundo Carrillo,P"]
[Black "Vera,R"]
[Result "1-0"]
[WhiteElo "2523"]
[BlackElo "2544"]
[EventDate "2002.11.29"]

1. d4 Nf6 2. c4 e6 3. Nf3 d5 4. Nc3 c6 5. Bg5 dxc4 6. e4 b5 7. e5 h6 8. Bh4
g5 9. Nxg5 Nd5 10. Nxf7 Qxh4 11. Nxh8 Bb4 12. Rc1 c5 13. dxc5 Nd7 14. Be2
Nxe5 15. O-O Bb7 16. Bh5+ Ke7 17. Qe2 Rg8 18. Qxe5 Rxg2+ 19. Kh1 Nf4 20.
Ng6+ Rxg6+ 21. f3 Nxh5 22. Qc7+ Kf8 23. Qb8+ Kg7 24. Qxb7+ Kh8 25. Ne2 Qf6
26. Qxb5 Bd2 27. Qe8+ Kh7 28. Qd7+ Ng7 29. Qxd2 Qf5 30. Qc2 Qh3 31. Qxg6+
1-0

[Event "Superstars Hotel Bali"]
[Site "Benidorm ESP"]
[Date "2002.11.29"]
[Round "4"]
[White "Shirov,A"]
[Black "Paunovic,D"]
[Result "0-1"]
[WhiteElo "2699"]
[BlackElo "2532"]
[EventDate "2002.11.29"]

1. e4 c5 2. Nf3 e6 3. d4 cxd4 4. Nxd4 a6 5. Bd3 Nf6 6. O-O d6 7. c4 b6 8.
Nc3 Bb7 9. f4 g6 10. g4 Bg7 11. g5 Nfd7 12. Nf3 O-O 13. f5 exf5 14. exf5
Re8 15. Bf4 Nc6 16. f6 Bf8 17. Be4 b5 18. Bxd6 b4 19. Bxf8 bxc3 20. Be7
Nxe7 21. Bxb7 Qb6+ 22. Qd4 Qxb7 23. fxe7 cxb2 24. Rae1 Rac8 25. h4 Qb6 26.
Qxb6 Nxb6 27. Nd2 Nxc4 28. Ne4 Kg7 29. Nf6 Nd2 30. Nxe8+ Rxe8 31. Rb1 Nxb1
32. Rxb1 Rxe7 33. Rxb2 Re4 34. Rh2 h6 35. gxh6+ Kxh6 36. h5 g5 0-1

[Event "Superstars Hotel Bali"]
[Site "Benidorm ESP"]
[Date "2002.11.29"]
[Round "4"]
[White "Kurajica,B"]
[Black "Amura,C"]
[Result "1/2-1/2"]
[WhiteElo "2548"]
[BlackElo "2360"]
[EventDate "2002.11.29"]

1. Nf3 d5 2. c4 e6 3. g3 Nf6 4. Bg2 Be7 5. O-O O-O 6. Qc2 a6 7. b3 b6 8.
cxd5 exd5 9. Bb2 c5 10. d4 Nc6 11. dxc5 bxc5 12. Nc3 Be6 13. Rac1 Rc8 14.
Ng5 Nd4 15. Nxe6 fxe6 16. Qd3 Qa5 17. Na4 Qb5 18. Bxd4 cxd4 19. Bh3 Kf7 20.
Qxd4 Rxc1 21. Rxc1 Qxe2 22. Rc6 e5 23. Be6+ Kg6 24. Qa1 d4 25. Bc4 Qf3 26.
Re6 Bb4 27. Rxe5 Ng4 28. Qb1+ Kh6 29. Qc1+ Ne3 30. fxe3 Qf2+ 31. Kh1 Qf3+
32. Kg1 1/2-1/2

[Event "Superstars Hotel Bali"]
[Site "Benidorm ESP"]
[Date "2002.11.29"]
[Round "4"]
[White "Karjakin,Sergey"]
[Black "Karpov,An"]
[Result "1/2-1/2"]
[WhiteElo "2527"]
[BlackElo "2688"]
[EventDate "2002.11.29"]

1. e4 e5 2. Nf3 Nf6 3. Nxe5 d6 4. Nf3 Nxe4 5. Nc3 Nxc3 6. dxc3 Be7 7. Bf4
O-O 8. Qd2 Nd7 9. O-O-O Re8 10. Bc4 Nb6 11. Bd3 Be6 12. Ng5 Bxg5 13. Bxg5
Qd7 14. Kb1 Nc4 15. Qc1 a5 16. Rhe1 a4 17. Bf6 Qb5 18. Bxc4 Qxc4 19. Qg5
Qg4 20. f3 Qxg5 21. Bxg5 f6 22. Bc1 Kf7 23. Re3 b5 24. Rde1 h5 25. h4 Ra6
26. R3e2 Rc6 27. Bd2 Rc5 28. b3 Re5 29. Bf4 Rxe2 30. Rxe2 Ra8 31. Kb2 Bd5
32. Bg3 Bc6 33. Be1 g5 34. Kc1 Rg8 35. Kd2 Bd7 36. Ke3 Bf5 37. Kd2 Be6 38.
Bf2 Ke7 39. Bg3 Kd7 40. Bf2 g4 41. Ke3 gxf3 42. gxf3 c5 43. Kf4 Rg2 44. Rd2
Kc6 45. Be3 Rg8 46. Rd1 Bf7 47. Rd2 Re8 48. Rg2 Re5 49. Bd2 Be6 50. Rf2 Bg8
51. Be3 Bh7 52. Rd2 Rf5+ 53. Kg3 Rd5 54. Rxd5 Kxd5 55. bxa4 bxa4 56. Bf4
Bxc2 57. a3 Kc6 58. Kf2 Bd1 59. Ke3 d5 60. Bh6 Kb5 61. Bf8 Kc4 62. f4 f5
63. Kd2 Bf3 64. Ke3 Bh1 65. Kd2 Bg2 66. Be7 d4 67. cxd4 cxd4 68. Bd6 Kd5
69. Be7 Ke4 70. Bg5 Bf1 71. Bh6 Bb5 72. Bg5 Kf3 73. Bh6 Kg3 74. Bg5 Kg4 75.
Ke1 1/2-1/2

[Event "Superstars Hotel Bali"]
[Site "Benidorm ESP"]
[Date "2002.11.30"]
[Round "5"]
[White "Amura,C"]
[Black "San Segundo Carrillo,P"]
[Result "1/2-1/2"]
[WhiteElo "2360"]
[BlackElo "2523"]
[EventDate "2002.11.29"]

1. d4 Nf6 2. Bg5 e6 3. e3 h6 4. Bh4 c5 5. c3 b6 6. Bd3 Bb7 7. Nf3 cxd4 8.
exd4 Be7 9. O-O d6 10. Nbd2 Nbd7 11. Re1 O-O 12. Qa4 a6 13. Rad1 Re8 14.
Bb1 Rc8 15. Qc2 Nf8 16. a4 Qd7 17. Qb3 Rb8 18. Bxf6 Bxf6 19. Be4 d5 20. Bc2
Bc6 21. Qa2 a5 22. Ne5 Bxe5 23. Rxe5 Bb7 24. Nf3 Ba6 25. Re3 f6 26. h3 Qd6
27. Rde1 Bc4 28. b3 Ba6 29. Bb1 b5 30. axb5 Rxb5 31. c4 dxc4 32. bxc4 Rb4
33. c5 Qd8 34. Bd3 Bb7 35. Be4 Bxe4 36. Rxe4 Qa8 37. d5 Rxe4 38. Rxe4 exd5
39. Rxe8 Qxe8 40. Qxd5+ Qe6 41. Qa8 Qc4 42. Qxa5 Qc1+ 43. Kh2 Qf4+ 44. Kg1
Qc1+ 45. Qe1 Qxc5 46. Qd2 Qc4 1/2-1/2

[Event "Superstars Hotel Bali"]
[Site "Benidorm ESP"]
[Date "2002.11.30"]
[Round "5"]
[White "Vera,R"]
[Black "Shirov,A"]
[Result "0-1"]
[WhiteElo "2544"]
[BlackElo "2699"]
[EventDate "2002.11.29"]

1. Nf3 Nf6 2. c4 c6 3. d4 d5 4. e3 Bf5 5. Nc3 e6 6. Nh4 Be4 7. f3 Bg6 8.
Qb3 Qc7 9. g3 Nbd7 10. Kf2 a5 11. cxd5 exd5 12. Bd2 Bb4 13. a3 Bd6 14. Rc1
Qb8 15. Nxg6 hxg6 16. Kg2 O-O 17. Bd3 Qa7 18. Rhd1 Rfe8 19. Re1 b5 20. a4
b4 21. Ne2 Rac8 22. Qd1 c5 23. Bb5 Rc7 24. dxc5 Bxc5 25. Nd4 Rec8 26. Nb3
Bb6 27. Re2 Ne5 28. Rxc7 Rxc7 29. Bc1 Qb8 30. Rc2 Nc4 31. e4 Qc8 32. Re2
dxe4 33. fxe4 Ng4 34. Bxc4 Rxc4 35. Bf4 Nf6 36. Qd6 Bc7 37. Qd3 Bxf4 38.
gxf4 Qg4+ 39. Kh1 Qxf4 0-1

[Event "Superstars Hotel Bali"]
[Site "Benidorm ESP"]
[Date "2002.11.30"]
[Round "5"]
[White "Polgar,Ju"]
[Black "Karjakin,Sergey"]
[Result "1/2-1/2"]
[WhiteElo "2685"]
[BlackElo "2527"]
[EventDate "2002.11.29"]

1. e4 c5 2. Nf3 d6 3. d4 cxd4 4. Nxd4 Nf6 5. Nc3 a6 6. Bc4 e6 7. Bb3 b5 8.
O-O Be7 9. Qf3 Qc7 10. Qg3 O-O 11. Bh6 Ne8 12. Rad1 Bd7 13. Nce2 Bf6 14.
Nf3 Nc6 15. c3 e5 16. Bg5 Be6 17. Qh4 h6 18. Bxf6 Nxf6 19. Ng3 Bg4 20. Nf5
Bxf5 21. exf5 Na5 22. Bd5 Rad8 23. Rfe1 Rfe8 24. h3 Nc6 25. Bxc6 Qxc6 26.
Rd2 Rd7 27. Red1 a5 28. a3 Rb8 29. Nh2 d5 30. Ng4 Nxg4 31. Qxg4 Rbd8 32.
Qe2 Re7 33. Rd3 Kf8 34. Qd2 Red7 35. Qe3 f6 36. R3d2 Qb7 37. Qc5+ Kf7 38.
a4 bxa4 39. Qxa5 Qc6 40. Qb4 Rb7 41. Qg4 Kf8 42. Qf3 Rbd7 43. Ra1 Qc4 44.
Rad1 d4 45. Qe4 a3 46. bxa3 Qxc3 47. Rd3 Qc4 48. f4 Qd5 49. Re1 Qxe4 50.
Rxe4 Rd5 51. Kf2 Rc8 52. fxe5 fxe5 53. Kf3 Kf7 54. Re2 Rb5 55. Ke4 Rc1 56.
a4 Ra5 57. Rb3 Rc4 58. Rb7+ Kg8 59. Ra2 Rc3 60. Rb5 Re3+ 61. Kd5 Ra7 62. a5
d3 63. a6 Re2 64. Rxe2 dxe2 65. Rb1 Rxa6 66. Re1 Kf7 67. Kxe5 Ra2 68. g4
Ra5+ 69. Kf4 Ra4+ 70. Kf3 Ra3+ 1/2-1/2

[Event "Superstars Hotel Bali"]
[Site "Benidorm ESP"]
[Date "2002.11.30"]
[Round "5"]
[White "Psakhis,L"]
[Black "Kurajica,B"]
[Result "1-0"]
[WhiteElo "2588"]
[BlackElo "2548"]
[EventDate "2002.11.29"]

1. d4 Nf6 2. c4 e6 3. g3 d5 4. Bg2 Bb4+ 5. Bd2 Be7 6. Nf3 O-O 7. O-O dxc4
8. Qa4 a6 9. Qxc4 b5 10. Qc2 Bb7 11. Rc1 Nc6 12. e3 Ra7 13. Ng5 Nb4 14.
Bxb4 Bxb4 15. Qxc7 Qa8 16. Bxb7 Rxb7 17. Qc2 h6 18. Nf3 Rbb8 19. Qe2 Rbc8
20. Nbd2 Qd5 21. a3 Bxd2 22. Nxd2 Rfd8 23. Qf3 Qd7 24. Ne4 Nxe4 25. Qxe4
Rxc1+ 26. Rxc1 Rc8 27. Rc5 Rb8 28. b4 Qa7 29. Qf4 Rf8 30. Qc7 Qa8 31. Qc6
Qa7 32. h4 Rb8 33. h5 Rd8 34. Kg2 Rb8 35. Kh2 Rd8 36. g4 Qe7 37. Kg3 Qa7
38. Qc7 Qa8 39. Rc6 Re8 40. f3 f5 41. gxf5 exf5 42. Rg6 1-0

[Event "Superstars Hotel Bali"]
[Site "Benidorm ESP"]
[Date "2002.11.30"]
[Round "6"]
[White "Granero Roca,A"]
[Black "Kurajica,B"]
[Result "1/2-1/2"]
[WhiteElo "2342"]
[BlackElo "2548"]
[EventDate "2002.11.29"]

1. Nf3 Nf6 2. c4 e6 3. d4 b6 4. a3 Ne4 5. Qc2 Bb7 6. Nc3 Nxc3 7. Qxc3 Be7
8. g3 O-O 9. Bg2 c5 10. dxc5 bxc5 11. O-O Nc6 12. Rd1 Qc7 13. Bf4 d6 14.
Rab1 e5 15. Bd2 a5 16. b3 f5 17. Bg5 Nd4 18. Nxd4 cxd4 19. Qd2 Bxg5 20.
Qxg5 Bxg2 21. Kxg2 a4 22. e3 h6 23. Qg6 axb3 24. Qe6+ Kh7 25. exd4 Rf6 26.
Qd5 Rxa3 27. dxe5 dxe5 28. c5 Rc6 29. Rdc1 Ra5 30. Qf3 Qd7 31. Rxb3 Raxc5
32. Rxc5 Rxc5 33. Rd3 Qe6 34. Rd8 e4 35. Qe3 Qc6 36. Kh3 Rc3 37. Qa7 e3 38.
Qf7 exf2 39. Qxf5+ Qg6 40. Qxg6+ Kxg6 41. Kg2 Rc2 42. Kf1 Kh5 43. Rd4 g5
44. Re4 Kg6 45. Re6+ Kg7 46. Rd6 h5 47. Re6 1/2-1/2

[Event "Superstars Hotel Bali"]
[Site "Benidorm ESP"]
[Date "2002.11.30"]
[Round "6"]
[White "San Segundo Carrillo,P"]
[Black "Psakhis,L"]
[Result "1/2-1/2"]
[WhiteElo "2523"]
[BlackElo "2588"]
[EventDate "2002.11.29"]

1. d4 e6 2. c4 Nf6 3. Nf3 b6 4. g3 Ba6 5. b3 Bb4+ 6. Bd2 Be7 7. Bg2 O-O 8.
O-O c6 9. Bc3 d5 10. Nbd2 Nbd7 11. Re1 c5 12. e4 dxe4 13. Nxe4 Nxe4 14.
Rxe4 Bb7 15. Re3 Bf6 16. dxc5 Nxc5 17. b4 Bxc3 18. Rxc3 Ne4 19. Re3 Qf6 20.
Qd4 Rfd8 21. Qxf6 gxf6 22. Rae1 f5 23. Ne5 a5 24. f3 Nf6 25. a3 axb4 26.
axb4 Ra4 27. Rd3 Rxd3 28. Nxd3 Kf8 29. Rb1 Nd7 30. f4 Be4 31. Bxe4 fxe4 32.
Ne5 Ke7 33. Kf2 f5 34. Nxd7 Kxd7 35. Ke3 Ra3+ 36. Kd4 Rd3+ 37. Ke5 b5 38.
g4 bxc4 39. gxf5 exf5 40. Kxf5 e3 41. Ke4 Rb3 42. Re1 Rxb4 43. Rxe3 c3+ 44.
Kd3 Rxf4 1/2-1/2

[Event "Superstars Hotel Bali"]
[Site "Benidorm ESP"]
[Date "2002.11.30"]
[Round "6"]
[White "Shirov,A"]
[Black "Amura,C"]
[Result "1-0"]
[WhiteElo "2699"]
[BlackElo "2360"]
[EventDate "2002.11.29"]

1. e4 c5 2. Nf3 e6 3. d4 cxd4 4. Nxd4 Nf6 5. Nc3 Nc6 6. Ndb5 d6 7. Bf4 e5
8. Bg5 a6 9. Na3 b5 10. Nd5 Qa5+ 11. Bd2 Qd8 12. Nxf6+ Qxf6 13. Bd3 Be7 14.
O-O O-O 15. c4 Nd4 16. Be3 b4 17. Nc2 Nxc2 18. Qxc2 Rb8 19. f4 Bd8 20. Kh1
Qe7 21. c5 Bc7 22. f5 f6 23. Bc4+ Kh8 24. c6 Bb6 25. Bxb6 Rxb6 26. Bd5 Rb5
27. a3 b3 28. Qd2 Qc7 29. Rac1 a5 30. Rf3 a4 31. Rc4 Ra5 32. Rcc3 Qb6 33.
Rh3 Rxd5 34. Qxd5 1-0

[Event "Superstars Hotel Bali"]
[Site "Benidorm ESP"]
[Date "2002.11.30"]
[Round "6"]
[White "Ponomariov,R"]
[Black "Vera,R"]
[Result "1-0"]
[WhiteElo "2743"]
[BlackElo "2544"]
[EventDate "2002.11.29"]

1. d4 Nf6 2. c4 e6 3. Nf3 d5 4. Nc3 c6 5. g3 Nbd7 6. Bg2 b6 7. O-O Ba6 8.
cxd5 cxd5 9. Qa4 Bb7 10. Ne5 a6 11. Bg5 b5 12. Qb3 Be7 13. Bxf6 Bxf6 14. e4
Bxe5 15. exd5 Bxd4 16. dxe6 Nc5 17. exf7+ Kf8 18. Qb4 Bxg2 19. Kxg2 a5 20.
Qxb5 Rb8 21. Qc4 Rb4 22. Qe2 Qa8+ 23. Kg1 Kxf7 24. a3 Rb6 25. Rad1 Rd8 26.
Qh5+ g6 27. Qxh7+ Bg7 28. Qh4 Ne6 29. Ne4 Qb8 30. Qg4 Rb5 31. Rfe1 Rf5 32.
h4 Rd4 33. Qe2 Qd8 34. Rc1 Rd7 35. Rc6 Nd4 36. Qc4+ Kf8 37. Rc8 Nf3+ 38.
Kf1 Nxe1 39. Kxe1 Bxb2 40. Rxd8+ Rxd8 41. Ng5 Re8+ 42. Kf1 Bxa3 43. g4 1-0

[Event "Superstars Hotel Bali"]
[Site "Benidorm ESP"]
[Date "2002.11.30"]
[Round "6"]
[White "Karjakin,Sergey"]
[Black "Paunovic,D"]
[Result "1-0"]
[WhiteElo "2527"]
[BlackElo "2532"]
[EventDate "2002.11.29"]

1. e4 c5 2. Nf3 e6 3. d4 cxd4 4. Nxd4 a6 5. Bd3 Nf6 6. O-O d6 7. c4 b6 8.
Nc3 Bb7 9. b3 g6 10. Bb2 Bg7 11. Qe2 O-O 12. Rad1 Nbd7 13. Bb1 Re8 14. Rfe1
Qc7 15. Ndb5 axb5 16. Nxb5 Qb8 17. Nxd6 e5 18. Nxe8 Qxe8 19. b4 Rc8 20. Bc2
Qe6 21. Ba4 Bc6 22. Bxc6 Qxc6 23. Rc1 Bh6 24. Rc2 Bf8 25. a3 h5 26. f3 Bh6
27. Rd1 Qa4 28. Rd6 Bf8 29. Rd3 Qa6 30. Qd1 Rxc4 31. Rxc4 Qxc4 32. Qb3 Qc6
33. Rc3 Qd6 34. Qc2 Qe6 35. Rc6 Qe7 36. Qd3 Qe8 37. Qc4 Kh7 38. Kf1 Bg7 39.
Ke2 h4 40. Rc7 Qe7 41. Qc6 Qd8 42. Bc3 Qe8 43. a4 Qd8 44. a5 bxa5 45. bxa5
Nb8 46. Qb7 Nfd7 47. a6 Qg5 48. a7 Qxg2+ 49. Kd3 Qxf3+ 50. Kc2 Qf2+ 51. Kb3
Qxh2 52. a8=Q Qh3 53. Qd5 Qg4 54. Rxd7 Nxd7 55. Qc8 Nf6 56. Qxg4 Nxg4 57.
Qxf7 h3 58. Qf3 h2 59. Qh3+ Kg8 60. Be1 Bh6 61. Bg3 Bf4 62. Be1 Kg7 63. Kc4
Nf6 64. Kd3 g5 65. Qg2 Kg6 66. Ke2 g4 67. Bd2 Kg5 68. Qxh2 Nxe4 69. Bxf4+
exf4 70. Qh7 Ng3+ 71. Kf2 Nf5 72. Qg8+ Kh5 73. Qh8+ Kg5 74. Qd8+ Kg6 75.
Ke2 f3+ 76. Kf2 Nh6 77. Kg3 Kf5 78. Qd6 Kg5 79. Qf4+ Kg6 80. Kh4 Kg7 81.
Kh5 1-0

[Event "Superstars Hotel Bali"]
[Site "Benidorm ESP"]
[Date "2002.11.30"]
[Round "7"]
[White "Vera,R"]
[Black "Karjakin,Sergey"]
[Result "0-1"]
[WhiteElo "2544"]
[BlackElo "2527"]
[EventDate "2002.11.29"]

1. Nf3 d5 2. d4 Nf6 3. c4 dxc4 4. e3 e6 5. Bxc4 a6 6. O-O c5 7. Bb3 b5 8.
a4 b4 9. Nbd2 Bb7 10. e4 Be7 11. e5 Nfd7 12. Re1 O-O 13. Ne4 cxd4 14. Bc2
Nc6 15. Qd3 g6 16. Bf4 Qa5 17. Nd6 Bxd6 18. exd6 Qd5 19. Rad1 e5 20. Bb3
Qxd6 21. Bh6 Nc5 22. Bxf8 Rxf8 23. Qc4 Na5 24. Qxb4 Naxb3 25. Nxe5 a5 26.
Qa3 Re8 27. Nd3 Rxe1+ 28. Nxe1 Qe5 0-1